| 000 | 01137cam a2200337 4500 | ||
|---|---|---|---|
| 001 | ABS66231 | ||
| 008 | 030106n2002 000 0 eng u | ||
| 035 | _a(Sirsi) u120920 | ||
| 245 | _aFocus 2002: Preview 2003 | ||
| 260 | _c2002 | ||
| 490 |
_aEstates Gazette _v(0250) 14 December 2002, 65-73(9) |
||
| 520 | _a2003 preview of the commercial property market in all regions other than the southeast. Includes commentary on Scotland, Northern Ireland and the Republic of Ireland. | ||
| 590 | _aABS | ||
| 650 | _aEAST ANGLIA | ||
| 650 | _aEAST MIDLANDS | ||
| 650 | _aWEST MIDLANDS | ||
| 650 | _aWALES | ||
| 650 | _aSOUTHWEST ENGLAND | ||
| 650 | _aYORKSHIRE | ||
| 650 | _aNORTHEAST ENGLAND | ||
| 650 | _aNORTHWEST ENGLAND | ||
| 650 | _aPROPERTY-COMMERCIAL PROPERTY-OFFICE PROPERTY-OFFICE PROPERTY MARKET | ||
| 650 | _aPROPERTY-COMMERCIAL PROPERTY-RETAIL PROPERTY-RETAIL PROPERTY MARKET | ||
| 650 | _aRESIDENTIAL MARKET | ||
| 650 | _aINDUSTRIAL MARKET | ||
| 650 | _aEIRE | ||
| 650 | _aNORTHERN IRELAND | ||
| 650 | _aSCOTLAND | ||
| 690 | _aPROPERTY-COMMERCIAL PROPERTY-COMMERCIAL PROPERTY MARKET | ||
| 942 | _n0 | ||
| 999 |
_c71878 _d71878 |
||